Normal view MARC view
  • Tenutto Soldevilla, Marta Alicia

Entry Nombre Personal

Number of records used in: 1

001 - NUMERO DE CONTROL

  • campo de control: 53414

003 - IDENTIFICADOR DE NUMERO DE CONTROL

  • campo de control: DLC

005 - FECHA Y HORA DE LA ÜLTIMA TRANSACCIÓN

  • campo de control: 20240904151747.0

008 - DATOS DE LONGITUD FIJA

  • campo de control de longitud fija: 240227n| azannaabn || aaa

010 ## - NÚMERO DE CONTROL DE LA BIBLIOTECA DEL CONGRESO

  • Número de control LC: n 2024011086

040 ## - FUENTE DE CATALOGACIÓN

  • Agencia original de catalogación: DLC
  • Lenguaje de catalogación: spa
  • Description conventions: rda
  • Agencia de transcripción: DLC
  • Agencia que lo modifica: MX-MxUPN

100 1# - ENCABEZAMIENTO - NOMBRE PERSONAL

  • Nombre personal: Tenutto Soldevilla, Marta Alicia

670 ## - FUENTE EN LA QUE SE LOCALIZARON DATOS

  • Cita de la fuente: Planificar, enseñar, aprender y evaluar en educación superior, febrero de 2021:
  • Información localizada: portada (Marta Alicia Tenutto Soldevilla)

670 ## - FUENTE EN LA QUE SE LOCALIZARON DATOS

  • Cita de la fuente: Aulas híbridas y bimodalidad : entornos integrados de aprendizajes, 2021:
  • Información localizada: portada (Marta Alicia Tenutto Soldevilla, coordinadora)

902 ## - CATALOGADOR

  • Catalogador: Víctor Ruiz/040924